LEADER 01373nam0 2200325 i 450 001 LO11097297 005 20231121125524.0 010 $a8854107395 020 $aIT$b2007-9051 100 $a20200724d2006 ||||0itac50 ba 101 | $aita 102 $ait 181 1$6z01$ai $bxxxe 182 1$6z01$an 200 1 $a˜Le œgrandi battaglie del Medioevo$edalle invasioni arabe alla caduta di Granada$emille anni di scontri e conflitti che hanno segnato la storia dell'umanità$fAndrea Frediani 210 $aRoma$cNewton Compton$d2006 215 $a503 p., [16] c. di tav.$cill.$d23 cm. 225 | $a˜I œvolti della storia$v200 410 0$1001RAV0127540$12001 $a˜I œvolti della storia$v200 606 $aBattaglie$xEuropa$xSec. 7.-15.$2FIR$3CFIC175115$9E 676 $a909.07$9Storia mondiale. 500 c.a.-1450/1500. Include le crociate. (Classificare qui il Medioevo).$v22 700 1$aFrediani$b, Andrea$f <1963- >$3CFIV120800$4070$0750137 801 3$aIT$bIT-01$c20200724 850 $aIT-FR0017 899 $aBiblioteca umanistica Giorgio Aprea$bFR0017 $eN 912 $aLO11097297 950 0$aBiblioteca umanistica Giorgio Aprea$d 52DGA S 194$e 52SBA0000263225 VMB RS $fA $h20200724$i20200724 977 $a 52 996 $aGrandi battaglie del Medioevo$91509536 997 $aUNICAS